Curso de microprocesadores I

Bibliographic Details
Main Author: Rivas, René Jaime
Format: Section = Libro
Language:Undetermined
Spanish
Published: Salamanca Universidad de Guanajuato 1977
Subjects:
LEADER 00575nam a2200205Ia 4500
008 240829s9999 xx 000 0 und d
040 |a BIBLIOTECA-RUSB/ Ref 621.3815 R618 
041 |a spa 
082 |a Ref 621.3815 R618 
100 1 |a Rivas, René Jaime 
245 1 0 |a Curso de microprocesadores I 
260 |a Salamanca  |b Universidad de Guanajuato  |c 1977 
300 |a 80 p. :il. 
650 7 |a SISTEMA BINARIO 
650 7 |b  CIRCUITOS DIGITALES 
650 7 |c  MICROPROCESADORES-ARQUITECTURA 
650 7 |d  DISPOSITIVOS DIGITALES 
942 |c BK  |2 ddc 
991 |a TEXTO 
999 |c 6137